000
00299nam a2200133Ia 4500
005
20251222144649.0
008
251222s9999||||xx |||||||||||||| ||spa||
082
_a
255.08/L38
100
_a
Lefebvre, Gaspar
245
0
_a
Liturgia:
250
_a
2a.ed.
264
_b
LibrerÃa Nueva
942
_c
LIB
999
_c
16984
_d
16984